Practical english usage
Uloženo v:
| Hlavní autor: | |
|---|---|
| Médium: | Kniha |
| Jazyk: | angličtina |
| Vydáno: |
Oxford
Oxford University Press
1980
|
| Vydání: | 1a. ed |
| Témata: | |
| Tagy: |
Přidat tag
Žádné tagy, Buďte první, kdo vytvoří štítek k tomuto záznamu!
|
MARC
| LEADER | 00000cam a2200000 a 4500 | ||
|---|---|---|---|
| 001 | UCW8273 | ||
| 003 | CL-VaPUC | ||
| 008 | 880728e19800000UK |||||||||||||||||eng|d | ||
| 020 | |a 0194311856 | ||
| 082 | 0 | 4 | |a 428.82 |b SWA |2 21 |
| 100 | 0 | |a Swan, Michael |e author |9 313402 | |
| 245 | 1 | 0 | |a Practical english usage |
| 250 | |a 1a. ed | ||
| 300 | |a 639 p | ||
| 942 | |c BK | ||
| 945 | |d 19880728 00:00:00 | ||
| 260 | |a Oxford |b Oxford University Press |c 1980 | ||
| 650 | 7 | |a INGLES ENSEÑANZA |2 CL-VaPUC |9 313261 | |
| 650 | 7 | |a INGLES COMPRENSION |2 CL-VaPUC |9 313403 | |
| 583 | |a last modification |c 20130401 12:22:33 |k Rodrigo Vera | ||
| 999 | |c 220702 |d 220700 | ||
| 952 | |0 0 |1 0 |4 0 |6 428_820000000000000_SWA_1980 |7 0 |8 A |9 213244 |a BIBEDU |b BIBEDU |d 2019-11-15 |i 3254747 |o 428.82 SWA 1980 |p 3254747 |r 2019-11-15 |w 2019-11-15 |y BK |k LIT | ||
| 952 | |0 0 |1 0 |4 0 |6 428_820000000000000_SWA_1980 |7 0 |8 A |9 213245 |a BIBEDU |b BIBEDU |d 2019-11-15 |i 4809998 |o 428.82 SWA 1980 |p 4809998 |r 2019-11-15 |w 2019-11-15 |y BK |k LIT | ||